Loading...

Malayalathile parakeeyapadangal/

Bibliographic Details
Main Author: Joseph,P M
Format: Printed Book
Language:English
Published: Trivendrum: State Institute of Languages, 1995.
Edition:2nd ed.
Subjects:
LEADER 00549 a2200157 4500
008 150103s9999 000 0 eng
082 |a 494.812 
100 |a Joseph,P M 
245 |a Malayalathile parakeeyapadangal/ 
250 |a 2nd ed. 
260 |a Trivendrum:  |b State Institute of Languages,  |c 1995. 
300 |a 530 p.; 
650 |a Linguistics-Malayalam 
942 |c BK 
999 |c 306767  |d 306767 
952 |0 0  |1 0  |2 ddc  |4 0  |6 M_494_812000000000000_JOS_MA  |7 0  |9 351914  |a DRA  |b DRA  |c ST1  |d 2012-12-06  |i 6332  |l 0  |o M 494.812 JOS/MA  |p DRA6332  |r 2019-01-03  |v 65.00  |w 2019-01-03  |y BK